000 00654nam a2200265Ia 4500
005 20260324152733.0
008 008 260324s9999 xx 000 0 eng d
020 _a9780128043141
037 _aEBOOK
040 _aCRL
040 _beng
040 _cCRL
041 _2eng
041 _aeng
084 _qCRL
100 _aReis, Chen
_91229616
245 0 _aBecoming an International Humanitarian Aid Worker
260 _bElsevier
260 _c2016
650 _aEarth and Planetary Sciences
856 _uhttps://www.sciencedirect.com/science/book/9780128043141
942 _cEBOOK
999 _c1840446
_d1840446